Statystyki dla Największe miasta w województwie lubelskim A-Z

Kliknij tutaj aby rozwiązać quiz!

Ogólne statystyki

  • Ten quiz został rozwiązany 4 866 razy
    (3 650 od ostatniego zresetowania)
  • Średni wynik to 11 z 23

Statystyki odpowiedzi

#MiastoPopulacja% Poprawnych
LLublin334 681
99%
ZZamość60 148
84%
CChełm59 546
78%
BBiała Podlaska55 429
69%
PPuławy45 267
65%
ŚŚwidnik37 884
62%
HHrubieszów16 832
60%
KKraśnik32 593
58%
ŁŁuków27 906
54%
JJanów Lubelski11 308
51%
TTomaszów Lubelski18 567
49%
OOpole Lubelskie8 135
47%
WWłodawa12 500
44%
RRadzyń Podlaski14 806
42%
DDęblin14 791
41%
AAnnopol2 371
37%
NNałęczów3 697
32%
FFrampol1 361
30%
MMiędzyrzec Podlaski15 830
26%
SSzczebrzeszyn4 849
20%
IIzbica1 933
18%
GGoraj883
17%
UUrzędów1 701
14%

Rozkład punktacji

Percentyl według liczby udzielonych odpowiedzi

Procent ludzi z każdym wynikiem

Twoja historia wyników

Nie rozwiązałeś tego quizu od ostatniego zresetowania